| Tag |
First Indicator |
Second Indicator |
Subfields |
| LEADER |
00000cam a2200000 4500 |
| 001 |
in00001908435 |
| 006 |
m | d | |
| 007 |
cr |n||||||||n |
| 008 |
831012s1730 enk|||| s 00| ||eng d |
| 005 |
20260413205647.5 |
| 035 |
|
|
|a (CStRLIN)ESTCT145867
|
| 040 |
|
|
|a Uk-ES
|c Uk-ES
|d CStRLIN
|d Thomson Gale
|d UtOrBLW
|
| 100 |
1 |
|
|a Collier, Jeremy,
|d 1650-1726.
|
| 240 |
1 |
0 |
|a Short view of the immorality and profaneness of the English stage
|
| 245 |
1 |
2 |
|a A short view of the profaneness and immorality of the English stage, &c :
|b With the several defences of the same. In answer to Mr. Congreve, Dr. Drake, &c. By Jeremy Collier, A.M.
|
| 250 |
|
|
|a [The fifth edition corrected].
|
| 264 |
|
3 |
|a London :
|b printed for G. Strahan, Richard Williamson, and T. Osborne,
|c 1730.
|
| 300 |
|
|
|a 14 unnumbered pages, 437, 3 unnumbered pages, plate :
|b portrait ;
|c 8⁰.
|
| 336 |
|
|
|a text
|b txt
|2 rdacontent
|
| 337 |
|
|
|a computer
|b c
|2 rdamedia
|
| 338 |
|
|
|a online resource
|b cr
|2 rdacarrier
|
| 500 |
|
|
|a A reprint of 'A short view of the immorality and profaneness of the English stage', 'A defence of the Short view of the profaneness and immorality of the English stage', and 'A second defence of the Short view of the prophaneness and immorality of the English stage'.
|
| 500 |
|
|
|a Edition statement from half-title.
|
| 500 |
|
|
|a With three final pages of advertisement.
|
| 500 |
|
|
|a Reproduction of original from the British Library.
|
| 510 |
4 |
|
|a English Short Title Catalog,
|c ESTCT145867.
|
| 533 |
|
|
|a Electronic reproduction.
|b Farmington Hills, Mich. :
|c Thomson Gale,
|d 2003.
|n Available via the World Wide Web.
|n Access limited by licensing agreements
|7 s2003 miunns
|
| 500 |
|
|
|a Electronic resource.
|
| 730 |
0 |
|
|a Defence of the Short view of the profaneness and immorality of the English stage.
|
| 730 |
0 |
|
|a Second defence of the Short view of the prophaneness and immorality of the English stage.
|
| 830 |
|
0 |
|a Eighteenth century collections online.
|
| 856 |
4 |
0 |
|u http://proxy.library.tamu.edu/login?url=https://galenet.galegroup.com/servlet/ECCO?c=1&stp=Author&ste=11&af=BN&ae=T145867&tiPG=1&dd=0&dc=flc&docNum=CW113532871&vrsn=1.0&srchtp=a&d4=0.33&n=10&SU=0LRK&locID=txshracd2898
|z Full text online
|t 0
|
| 999 |
|
|
|a MARS
|
| 999 |
f |
f |
|s c44b73f1-1c84-3992-8504-f0c1d0b0c3d8
|i 7930379f-bea5-309a-88e7-c69818c95fdd
|t 0
|
| 952 |
f |
f |
|a Texas A&M University
|b College Station
|c Electronic Resources
|s www_evans
|d Available Online
|t 0
|h No information provided
|
| 998 |
f |
f |
|t 0
|l Available Online
|